Top 10 Greatest NFL Tight Ends of All-Time - Statistics

General Stats
  • This quiz has been taken 994 times
  • The average score is 5 of 10
Answer Stats
# Answer % Correct
1 Tony Gonzalez
89%
9 Rob Gronkowski
81%
4 Antonio Gates
72%
7 Shannon Sharpe
54%
8 Jason Witten
47%
6 Kellen Winslow
41%
3 Mike Ditka
39%
5 Ozzie Newsome
29%
10 Dave Casper
20%
2 John Mackey
19%
No matching quizzes found
Score Distribution
Percent of People with Each Score
Percentile by Number Answered
Your Score History
You have not taken this quiz